000
00280nam a2200109Ia 4500
008
220204s9999 xx 000 0 und d
082
_a
054
_b
MIL
100
_a
Miloler, Tyler G
245
0
_a
Chemistry: A contemporary approach
260
_a
California
_b
Wadsworth
_c
1976
942
_c
BK
999
_c
31954
_d
31954